000 00574nam a22002297a 4500
003 UA-OsUOA
001 93569
007 ta
008 20130123b un ||||| |||| 00| 0 ukr d
100 _aГруздев И.
090 _a82.09
_bГ90
942 _cBK
040 _aUA-OsUOA
_brus
_cUA-OsUOA
_dUA-OsUOA
245 _aГорький
300 _a365 с.
955 _a3
041 _arus
080 _a82.09
260 _aМ.
_bМолодая гвардия
_c1958
650 7 _a82 Література. Літературознавство
_2UDC
999 _c379814
_d379814